000 00630nam a2200241Ia 4500
003 OSt
005 20221007110214.0
006 a|||||r|||| 00| 0
007 ta
008 221006b |||||||| |||| 00| 0 eng d
024 _a20,601
037 _cTextual
040 _aLCO
_cLCO
_beng
041 _2eng
_aeng
082 _aZ1, K8
100 _aCot Jean-Pierre
_9702645
245 0 _aInternational Concilation
260 _aLondon
_bEuropa Publications UK
_c1968
300 _a349
650 _aINTERNATIONAL CONCILATION
_9707215
942 _hZ1, K8
_cTEXL
999 _c1190164
_d1190164